| 000 | 00759cam a2200265 a 4500 | ||
|---|---|---|---|
| 001 | 59268 | ||
| 003 | CO-BoRNBP | ||
| 005 | 20250926152238.0 | ||
| 007 | ta | ||
| 008 | 890719s1979 r 1 d | ||
| 040 |
_ala _cla |
||
| 082 | 0 | 4 |
_a371.394 _bK17e |
| 100 | 1 |
_aKarlin, Muriel Schoenbrun. _965116 |
|
| 245 | 1 | 0 |
_aEnseñanza individualizada / _cMuriel Schoenbrun Karlin ; Regina Berger. |
| 250 | _a1a. edición | ||
| 300 |
_a224 p. : _bil. ; _c23 cm. |
||
| 336 |
_2rdacontent _atexto _btxt |
||
| 337 |
_2rdamedia _asin mediación _bn |
||
| 338 |
_2rdacarrier _avolumen _bnc |
||
| 500 | _aIncluye indice. | ||
| 650 | 7 |
_aEnseñanza individualizada. _2BLAAUTO _927981 |
|
| 700 | 1 |
_aBerger, Regina. _965117 |
|
| 942 |
_2ddc _cBK |
||
| 949 |
_an _bn |
||
| 999 |
_c59268 _d59268 |
||